Chemisorption and reactions on metallic films /
Guardado en:
| Otros Autores: | |
|---|---|
| Formato: | Libro |
| Idioma: | English |
| Publicado: |
London :
Academic Press,
1971.
|
| Series: | Physical chemistry ;
v. 24. |
| Materias: | |
| Etiquetas: |
Agregar Etiqueta
Sin Etiquetas, Sea el primero en etiquetar este registro!
|
| LEADER | 01115cam a22003015a 4500 | ||
|---|---|---|---|
| 001 | EIQ.libpla000683 | ||
| 008 | 711130s1971####enka#####b####001#0#eng#d | ||
| 005 | 20060531181958.0 | ||
| 245 | 0 | 0 | |a Chemisorption and reactions on metallic films / |c edited by J. R. Anderson. |
| 260 | |a London : |b Academic Press, |c 1971. | ||
| 300 | |a 2 v. : |b il. ; |c 24 cm. | ||
| 490 | 1 | |a Physical chemistry, a series of monographs ; |v no. 24 | |
| 504 | |a Incluye referencias bibliográficas e índice. | ||
| 020 | |a 0120580012 (v. 1) | ||
| 020 | |a 0120580020 (v. 2) | ||
| 700 | 1 | |a Anderson, J. R., |e ed. |4 edt | |
| 830 | 0 | |a Physical chemistry ; |v v. 24. | |
| 082 | 0 | 0 | |a 546/.31 |
| 650 | 4 | |a Química de superficies |x Metales. | |
| 650 | 4 | |a Películas metálicas |x Superficies. | |
| 650 | 4 | |a Quimisorción |x Superficies. | |
| 650 | 4 | |a Surface chemistry |x Metals. | |
| 650 | 4 | |a Chemisorption |x Surfaces. | |
| 650 | 4 | |a Metallic films |x Surfaces. | |
| 010 | |a 74109033 | ||
| 040 | |a DLC |c DLC |d AR-BbSID | ||
| 859 | |a AR-BbSID |b BIB. PLAPIQUI |h 541.395 |i C 42 |p 416 |v Vol. 1 |3 Vol. 1 | ||
| 859 | |a AR-BbSID |b BIB. PLAPIQUI |h 541.395 |i C 42 |p 417 |v Vol. 2 |3 Vol. 2 | ||
